[Event "Deutsche Ländermeisterschaft 2017"]
[Site "Hannover GER"]
[Date "2017.10.03"]
[Round "5"]
[White "Polster, Christian"]
[Black "Huber, Benedikt"]
[Result "1-0"]
[Termination "normal"]
[Board "2.4"]
[WhiteTitle "FM"]
[WhiteElo "2144"]
[BlackElo "2044"]
[WhiteClock "00:15:28"]
[BlackClock "00:30:22"]
[WhiteTeam "Niedersachsen"]
[BlackTeam "Bayern"]
[PlyCount "61"]
[WhiteFideId "12965081"]
[BlackFideId "12923583"]
[EventCountry "GER"]
[EventRounds "7"]
[EventType "team-swiss"]
[EventDate "2017.09.29"]

1. e4 {[%clk 1:30:57]} c6 {[%clk 1:30:36]} 2. Nc3 {[%clk 1:31:05]} d5 {[%clk
1:30:40]} 3. Nf3 {[%clk 1:31:24]} Nf6 {[%clk 1:30:55]} 4. e5 {[%clk 1:23:19]}
Ne4 {[%clk 1:31:02]} 5. d4 {[%clk 1:14:50]} Nxc3 {[%clk 1:31:25]} 6. bxc3
{[%clk 1:15:15]} c5 {[%clk 1:31:52]} 7. Be2 {[%clk 1:07:22]} c4 {[%clk
1:28:19]} 8. O-O {[%clk 1:05:44]} e6 {[%clk 1:26:22]} 9. Ne1 {[%clk 0:53:49]}
Nc6 {[%clk 1:25:02]} 10. f4 {[%clk 0:51:38]} Qa5 {[%clk 1:25:10]} 11. Bd2
{[%clk 0:51:20]} b5 {[%clk 1:24:17]} 12. a3 {[%clk 0:37:02]} Bd7 {[%clk
1:21:10]} 13. g4 {[%clk 0:36:29]} O-O-O {[%clk 1:13:54]} 14. f5 {[%clk
0:34:16]} h5 {[%clk 1:01:11]} 15. fxe6 {[%clk 0:32:02]} Bxe6 {[%clk 1:01:30]}
16. gxh5 {[%clk 0:32:09]} Qc7 {[%clk 0:59:49]} 17. Bg4 {[%clk 0:29:14]} Qd7
{[%clk 0:48:29]} 18. Bxe6 {[%clk 0:28:54]} fxe6 {[%clk 0:48:37]} 19. Qg4 {[%clk
0:26:31]} Qe8 {[%clk 0:39:11]} 20. Ng2 {[%clk 0:22:22]} Rd7 {[%clk 0:35:05]}
21. Nf4 {[%clk 0:21:27]} Nd8 {[%clk 0:35:27]} 22. Ng6 {[%clk 0:21:00]} Rg8
{[%clk 0:35:48]} 23. Bg5 {[%clk 0:19:57]} Nf7 {[%clk 0:33:11]} 24. h4 {[%clk
0:19:21]} Nh6 {[%clk 0:32:33]} 25. Bxh6 {[%clk 0:19:21]} gxh6 {[%clk 0:33:01]}
26. Rf6 {[%clk 0:19:28]} Rf7 {[%clk 0:29:10]} 27. Rxe6 {[%clk 0:15:54]} Qd7
{[%clk 0:29:39]} 28. Re8+ {[%clk 0:15:00]} Kc7 {[%clk 0:30:00]} 29. Qxd7+
{[%clk 0:15:06]} Kxd7 {[%clk 0:30:28]} 30. Ra8 {[%clk 0:15:25]} Rf3 {[%clk
0:30:22]} 31. Rf1 {[%clk 0:15:28]} 1-0

[Event "Deutsche Ländermeisterschaft 2017"]
[Site "Hannover GER"]
[Date "2017.10.03"]
[Round "5"]
[White "Braun, Kristin"]
[Black "Pubantz, Jan"]
[Result "1/2-1/2"]
[Termination "normal"]
[Board "2.5"]
[WhiteElo "1834"]
[BlackElo "2030"]
[WhiteClock "00:08:55"]
[BlackClock "00:02:22"]
[WhiteTeam "Bayern"]
[BlackTeam "Niedersachsen"]
[PlyCount "56"]
[WhiteFideId "24656534"]
[BlackFideId "12996114"]
[EventCountry "GER"]
[EventRounds "7"]
[EventType "team-swiss"]
[EventDate "2017.09.29"]

1. e4 {[%clk 1:30:57]} c5 {[%clk 1:30:54]} 2. Nc3 {[%clk 1:31:24]} a6 {[%clk
1:31:13]} 3. g3 {[%clk 1:31:21]} b5 {[%clk 1:31:35]} 4. a3 {[%clk 1:28:48]} Bb7
{[%clk 1:30:52]} 5. Bg2 {[%clk 1:29:05]} e6 {[%clk 1:18:12]} 6. d3 {[%clk
1:28:28]} Be7 {[%clk 1:14:51]} 7. Be3 {[%clk 1:27:26]} d5 {[%clk 1:04:07]} 8.
exd5 {[%clk 1:26:24]} Nf6 {[%clk 1:02:05]} 9. h3 {[%clk 1:09:31]} O-O {[%clk
0:52:51]} 10. Qd2 {[%clk 1:08:25]} Nxd5 {[%clk 0:47:02]} 11. Nxd5 Bxd5 {[%clk
0:46:58]} 12. Nf3 {[%clk 1:06:45]} Nd7 {[%clk 0:44:37]} 13. O-O {[%clk
1:05:47]} Bf6 {[%clk 0:43:13]} 14. c3 {[%clk 1:00:18]} Rc8 {[%clk 0:40:49]} 15.
Rfe1 {[%clk 0:53:10]} Qb6 {[%clk 0:32:46]} 16. d4 {[%clk 0:43:10]} Qb7 {[%clk
0:29:24]} 17. dxc5 {[%clk 0:30:26]} Nxc5 {[%clk 0:21:13]} 18. Qe2 {[%clk
0:25:22]} Nb3 {[%clk 0:19:05]} 19. Rad1 {[%clk 0:24:11]} a5 {[%clk 0:13:10]}
20. Qc2 {[%clk 0:20:07]} a4 {[%clk 0:11:31]} 21. Ng5 {[%clk 0:14:22]} Bxg5
{[%clk 0:07:15]} 22. Bxd5 {[%clk 0:14:34]} exd5 {[%clk 0:07:41]} 23. Bxg5
{[%clk 0:14:53]} d4 {[%clk 0:07:51]} 24. Be7 {[%clk 0:11:35]} Rfe8 {[%clk
0:08:12]} 25. Bb4 {[%clk 0:11:48]} Qf3 {[%clk 0:05:11]} 26. cxd4 {[%clk
0:09:42]} h6 {[%clk 0:02:53]} 27. Rxe8+ {[%clk 0:09:36]} Rxe8 {[%clk 0:03:11]}
28. Qd3 {[%clk 0:08:55]} Qd5 {[%clk 0:02:22]} 1/2-1/2

[Event "Deutsche Ländermeisterschaft 2017"]
[Site "Hannover GER"]
[Date "2017.10.03"]
[Round "5"]
[White "Hommer, Jeremy"]
[Black "Alferova, Ekaterina"]
[Result "1-0"]
[Termination "normal"]
[Board "2.6"]
[WhiteElo "1948"]
[BlackElo "1515"]
[WhiteClock "00:14:44"]
[BlackClock "00:07:44"]
[WhiteTeam "Niedersachsen"]
[BlackTeam "Bayern"]
[PlyCount "153"]
[WhiteFideId "12992577"]
[BlackFideId "16217250"]
[EventCountry "GER"]
[EventRounds "7"]
[EventType "team-swiss"]
[EventDate "2017.09.29"]

1. g3 {[%clk 1:30:51]} g6 {[%clk 1:30:46]} 2. Bg2 {[%clk 1:31:12]} Bg7 {[%clk
1:31:12]} 3. Nf3 {[%clk 1:31:00]} d6 {[%clk 1:31:26]} 4. O-O {[%clk 1:31:11]}
e5 {[%clk 1:31:12]} 5. d3 {[%clk 1:30:13]} f5 {[%clk 1:30:12]} 6. c4 {[%clk
1:27:38]} Nf6 {[%clk 1:30:31]} 7. Nc3 {[%clk 1:27:00]} O-O {[%clk 1:29:13]} 8.
Rb1 {[%clk 1:22:04]} a5 {[%clk 1:27:01]} 9. a3 {[%clk 1:20:49]} c6 {[%clk
1:26:17]} 10. b4 {[%clk 1:16:47]} h6 {[%clk 1:23:15]} 11. b5 {[%clk 1:14:35]}
c5 {[%clk 1:23:22]} 12. Ne1 {[%clk 1:11:36]} Nbd7 {[%clk 1:18:40]} 13. Nc2
{[%clk 1:10:58]} Nb6 {[%clk 1:15:07]} 14. Ne3 {[%clk 1:10:28]} Kh7 {[%clk
1:13:06]} 15. Ned5 {[%clk 1:10:02]} Nfxd5 {[%clk 1:12:23]} 16. Nxd5 {[%clk
1:10:21]} Nxd5 17. Bxd5 {[%clk 1:10:48]} Qe7 {[%clk 1:12:02]} 18. Bd2 {[%clk
0:48:10]} Be6 {[%clk 1:11:08]} 19. Bg2 {[%clk 0:47:40]} a4 {[%clk 1:09:08]} 20.
Qc2 {[%clk 0:42:43]} Qd7 {[%clk 1:02:52]} 21. Qa2 {[%clk 0:36:43]} f4 {[%clk
0:55:42]} 22. Qc2 {[%clk 0:29:51]} Bh3 {[%clk 0:55:46]} 23. Rbe1 {[%clk
0:24:52]} Bxg2 {[%clk 0:54:53]} 24. Kxg2 {[%clk 0:25:20]} Qg4 {[%clk 0:55:00]}
25. h3 {[%clk 0:20:57]} Qf5 {[%clk 0:53:54]} 26. e4 {[%clk 0:18:58]} f3+ {[%clk
0:49:32]} 27. Kh2 {[%clk 0:19:10]} Qe6 {[%clk 0:48:57]} 28. Qd1 {[%clk
0:17:22]} h5 {[%clk 0:45:11]} 29. Qc1 {[%clk 0:15:21]} Rf7 {[%clk 0:41:20]} 30.
Rg1 {[%clk 0:15:10]} Qe7 {[%clk 0:40:26]} 31. g4 {[%clk 0:14:57]} Qh4 {[%clk
0:21:07]} 32. Ref1 {[%clk 0:15:10]} Bf6 {[%clk 0:17:19]} 33. gxh5 {[%clk
0:12:04]} Qxh5 {[%clk 0:16:47]} 34. Bg5 {[%clk 0:10:17]} Bxg5 {[%clk 0:16:26]}
35. Rxg5 {[%clk 0:10:34]} Qh4 {[%clk 0:15:51]} 36. Rg4 {[%clk 0:10:25]} Qh6
{[%clk 0:14:26]} 37. Qd1 {[%clk 0:08:26]} Rf4 {[%clk 0:11:50]} 38. Rfg1 {[%clk
0:05:35]} Rxg4 {[%clk 0:08:04]} 39. Rxg4 {[%clk 0:05:54]} Rf8 {[%clk 0:05:48]}
40. Rg3 {[%clk 0:04:38]} Qf4 {[%clk 0:05:11]} 41. Kg1 {[%clk 0:04:33]} Rf7
{[%clk 0:27:16]} 42. Kf1 {[%clk 0:35:23]} Kg7 {[%clk 0:26:33]} 43. Ke1 {[%clk
0:34:25]} b6 {[%clk 0:24:29]} 44. Qd2 {[%clk 0:33:24]} Kh6 {[%clk 0:19:17]} 45.
Rg4 {[%clk 0:31:14]} Qxd2+ {[%clk 0:19:21]} 46. Kxd2 {[%clk 0:31:42]} Kh5
{[%clk 0:19:14]} 47. Ke3 {[%clk 0:30:16]} Rf6 {[%clk 0:19:02]} 48. Kd2 {[%clk
0:29:44]} Rf7 {[%clk 0:19:04]} 49. Ke1 {[%clk 0:29:52]} g5 {[%clk 0:15:39]} 50.
Kf1 {[%clk 0:19:09]} Rf4 {[%clk 0:13:35]} 51. Rg3 {[%clk 0:19:23]} Rf6 {[%clk
0:12:12]} 52. Kg1 {[%clk 0:18:47]} Rf4 {[%clk 0:12:21]} 53. Kh2 {[%clk
0:18:55]} Kh4 {[%clk 0:12:26]} 54. Rg1 {[%clk 0:18:01]} g4 {[%clk 0:11:38]} 55.
Rg3 {[%clk 0:17:32]} gxh3 {[%clk 0:10:45]} 56. Rxh3+ {[%clk 0:17:33]} Kg5
{[%clk 0:10:56]} 57. Kg3 {[%clk 0:15:43]} Rg4+ {[%clk 0:08:40]} 58. Kxf3 {[%clk
0:16:10]} Rf4+ {[%clk 0:08:37]} 59. Kg2 {[%clk 0:13:33]} Rg4+ {[%clk 0:07:50]}
60. Rg3 {[%clk 0:14:02]} Kf4 {[%clk 0:07:59]} 61. Rxg4+ {[%clk 0:14:00]} Kxg4
{[%clk 0:08:25]} 62. f3+ {[%clk 0:14:24]} Kf4 {[%clk 0:08:35]} 63. Kf2 {[%clk
0:14:52]} Kg5 {[%clk 0:08:53]} 64. Kg3 {[%clk 0:15:22]} Kg6 {[%clk 0:08:44]}
65. Kg4 {[%clk 0:15:25]} Kf6 {[%clk 0:08:45]} 66. Kh5 {[%clk 0:14:16]} Kg7
{[%clk 0:08:31]} 67. Kg5 {[%clk 0:14:11]} Kf7 {[%clk 0:08:44]} 68. f4 {[%clk
0:12:46]} exf4 {[%clk 0:08:59]} 69. Kxf4 {[%clk 0:13:15]} Kf6 {[%clk 0:09:15]}
70. Ke3 {[%clk 0:12:40]} Ke5 {[%clk 0:09:17]} 71. d4+ {[%clk 0:12:58]} Ke6
{[%clk 0:07:48]} 72. dxc5 {[%clk 0:13:06]} dxc5 {[%clk 0:07:31]} 73. Kf4 {[%clk
0:13:27]} Kf6 {[%clk 0:07:35]} 74. e5+ {[%clk 0:13:50]} Kf7 {[%clk 0:07:47]}
75. Kf5 {[%clk 0:14:06]} Ke7 {[%clk 0:07:57]} 76. e6 {[%clk 0:14:28]} Ke8
{[%clk 0:07:44]} 77. Ke5 {[%clk 0:14:44]} 1-0

[Event "Deutsche Ländermeisterschaft 2017"]
[Site "Hannover GER"]
[Date "2017.10.03"]
[Round "5"]
[White "Butenandt, Svenja"]
[Black "Mönster, Madita"]
[Result "1/2-1/2"]
[Termination "normal"]
[Board "2.7"]
[WhiteElo "1585"]
[BlackElo "1730"]
[WhiteClock "00:09:14"]
[BlackClock "00:03:55"]
[WhiteTeam "Bayern"]
[BlackTeam "Niedersachsen"]
[PlyCount "138"]
[WhiteFideId "12993859"]
[BlackFideId "12947156"]
[EventCountry "GER"]
[EventRounds "7"]
[EventType "team-swiss"]
[EventDate "2017.09.29"]

1. e4 {[%clk 1:30:59]} c5 {[%clk 1:30:48]} 2. Nf3 {[%clk 1:31:25]} Nc6 {[%clk
1:31:06]} 3. d4 {[%clk 1:31:43]} cxd4 {[%clk 1:31:28]} 4. Nxd4 {[%clk 1:32:09]}
Nf6 {[%clk 1:31:44]} 5. f3 {[%clk 1:32:26]} d6 {[%clk 1:30:51]} 6. c4 {[%clk
1:32:26]} g6 {[%clk 1:28:45]} 7. Nc3 {[%clk 1:32:30]} Bg7 {[%clk 1:28:01]} 8.
Be3 {[%clk 1:32:11]} O-O {[%clk 1:27:32]} 9. Qd2 {[%clk 1:31:19]} a6 {[%clk
1:22:24]} 10. Be2 {[%clk 1:30:52]} e6 {[%clk 1:12:12]} 11. O-O {[%clk 1:29:59]}
Qc7 {[%clk 0:59:31]} 12. Rfd1 {[%clk 1:27:47]} Rd8 {[%clk 0:57:09]} 13. Nc2
{[%clk 1:25:01]} Ne7 {[%clk 0:49:12]} 14. Bf4 {[%clk 1:15:15]} Qc5+ {[%clk
0:38:51]} 15. Kh1 {[%clk 1:13:31]} Ne8 {[%clk 0:26:34]} 16. Rab1 {[%clk
1:06:22]} Qc6 {[%clk 0:21:04]} 17. Qe1 {[%clk 1:01:49]} b6 {[%clk 0:19:52]} 18.
b3 {[%clk 0:59:28]} Bb7 {[%clk 0:20:01]} 19. Rd3 {[%clk 0:57:17]} d5 {[%clk
0:18:33]} 20. Rbd1 {[%clk 0:52:50]} Nf6 {[%clk 0:17:17]} 21. Qd2 {[%clk
0:49:56]} Rd7 {[%clk 0:14:54]} 22. exd5 {[%clk 0:44:42]} exd5 {[%clk 0:15:04]}
23. cxd5 {[%clk 0:42:16]} Nexd5 {[%clk 0:12:54]} 24. Nxd5 {[%clk 0:42:08]} Rxd5
{[%clk 0:12:39]} 25. Rxd5 {[%clk 0:41:29]} Qxd5 26. Nb4 Qxd2 {[%clk 0:09:36]}
27. Rxd2 {[%clk 0:32:40]} Nh5 {[%clk 0:09:18]} 28. Bd6 {[%clk 0:31:25]} Rc8
{[%clk 0:07:11]} 29. Rc2 {[%clk 0:27:54]} Rxc2 {[%clk 0:06:15]} 30. Nxc2 {[%clk
0:27:43]} Nf6 {[%clk 0:06:16]} 31. Be5 {[%clk 0:25:31]} b5 {[%clk 0:05:04]} 32.
Kg1 {[%clk 0:20:53]} Nd5 {[%clk 0:04:27]} 33. Bxg7 {[%clk 0:20:39]} Kxg7 {[%clk
0:04:52]} 34. Bd3 {[%clk 0:18:27]} Nc3 {[%clk 0:04:39]} 35. a3 {[%clk 0:18:09]}
Bd5 {[%clk 0:03:39]} 36. b4 {[%clk 0:17:37]} Kf6 {[%clk 0:02:28]} 37. f4 {[%clk
0:16:23]} Ke6 {[%clk 0:02:20]} 38. Ne3 {[%clk 0:15:23]} Bc6 {[%clk 0:02:03]}
39. g3 {[%clk 0:13:54]} Kd6 {[%clk 0:01:14]} 40. Kf2 {[%clk 0:12:41]} Bb7
{[%clk 0:00:38]} 41. Ke1 {[%clk 0:11:54]} f5 42. Kd2 Ne4+ {[%clk 0:15:52]} 43.
Bxe4 {[%clk 0:38:51]} Bxe4 {[%clk 0:16:12]} 44. Kc3 {[%clk 0:38:26]} h6 {[%clk
0:15:08]} 45. h4 {[%clk 0:38:11]} Kc6 {[%clk 0:13:27]} 46. Kd4 {[%clk 0:37:46]}
Kd6 {[%clk 0:13:25]} 47. g4 {[%clk 0:34:04]} h5 {[%clk 0:08:11]} 48. gxh5
{[%clk 0:33:07]} gxh5 {[%clk 0:08:35]} 49. Nf1 {[%clk 0:30:22]} Bf3 {[%clk
0:08:16]} 50. Ng3 {[%clk 0:30:22]} Bg4 {[%clk 0:08:31]} 51. Nf1 {[%clk
0:28:51]} Bf3 {[%clk 0:07:54]} 52. Nd2 {[%clk 0:28:30]} Bd5 {[%clk 0:07:40]}
53. Nb1 {[%clk 0:26:42]} Be4 {[%clk 0:07:08]} 54. Nd2 {[%clk 0:26:35]} Bd5
{[%clk 0:07:18]} 55. Nf1 {[%clk 0:26:32]} Bf3 {[%clk 0:07:33]} 56. Ne3 {[%clk
0:25:20]} Be4 {[%clk 0:07:39]} 57. Nd1 {[%clk 0:24:52]} Bf3 {[%clk 0:07:15]}
58. Nb2 {[%clk 0:24:54]} Be2 {[%clk 0:06:07]} 59. a4 {[%clk 0:22:36]} Bf1
{[%clk 0:06:02]} 60. axb5 {[%clk 0:21:16]} axb5 {[%clk 0:06:12]} 61. Nd1 {[%clk
0:20:35]} Bg2 {[%clk 0:05:57]} 62. Nc3 {[%clk 0:17:15]} Bc6 {[%clk 0:06:11]}
63. Ke3 {[%clk 0:16:27]} Ke6 {[%clk 0:05:30]} 64. Kd3 {[%clk 0:16:39]} Ke7
{[%clk 0:05:14]} 65. Ke3 {[%clk 0:15:21]} Ke6 {[%clk 0:05:29]} 66. Ne2 {[%clk
0:14:06]} Kd5 {[%clk 0:02:54]} 67. Kd3 {[%clk 0:10:10]} Be8 {[%clk 0:03:10]}
68. Nc3+ {[%clk 0:09:33]} Kd6 {[%clk 0:03:34]} 69. Kd4 {[%clk 0:09:14]} Bc6
{[%clk 0:03:55]} *

[Event "Deutsche Ländermeisterschaft 2017"]
[Site "Hannover GER"]
[Date "2017.10.03"]
[Round "5"]
[White "Reichelt, Lena"]
[Black "Pachmann, Johannes"]
[Result "1/2-1/2"]
[Termination "normal"]
[Board "2.8"]
[WhiteElo "1502"]
[BlackElo "1605"]
[WhiteClock "00:01:54"]
[BlackClock "01:25:04"]
[WhiteTeam "Niedersachsen"]
[BlackTeam "Bayern"]
[PlyCount "107"]
[WhiteFideId "12981184"]
[BlackFideId "16250451"]
[EventCountry "GER"]
[EventRounds "7"]
[EventType "team-swiss"]
[EventDate "2017.09.29"]

1. d4 {[%clk 1:30:58]} d5 {[%clk 1:30:55]} 2. Nf3 {[%clk 1:31:17]} Nf6 {[%clk
1:31:00]} 3. e3 {[%clk 1:31:34]} c6 {[%clk 1:31:15]} 4. c4 {[%clk 1:31:10]} Bf5
{[%clk 1:30:44]} 5. Qb3 {[%clk 1:29:39]} Qb6 {[%clk 1:31:02]} 6. Qxb6 {[%clk
1:29:09]} axb6 {[%clk 1:31:26]} 7. Nc3 {[%clk 1:28:27]} e6 {[%clk 1:31:36]} 8.
Be2 {[%clk 1:22:00]} Bb4 {[%clk 1:31:15]} 9. Bd2 {[%clk 1:20:41]} Nbd7 {[%clk
1:31:10]} 10. O-O {[%clk 1:19:16]} O-O {[%clk 1:30:12]} 11. a3 {[%clk 1:17:54]}
Bd6 {[%clk 1:30:20]} 12. Rac1 {[%clk 1:16:49]} Rfe8 {[%clk 1:30:05]} 13. Rfd1
{[%clk 1:05:40]} h6 {[%clk 1:27:41]} 14. cxd5 {[%clk 1:04:38]} exd5 {[%clk
1:27:49]} 15. Na2 {[%clk 0:56:53]} Ne4 {[%clk 1:26:26]} 16. Bd3 {[%clk
0:36:20]} Ndf6 {[%clk 1:25:02]} 17. h3 {[%clk 0:33:20]} Bg6 {[%clk 1:21:28]}
18. Bb4 {[%clk 0:22:39]} c5 {[%clk 1:20:51]} 19. Bc3 {[%clk 0:22:18]} Bh5
{[%clk 1:15:01]} 20. Be2 {[%clk 0:20:05]} Ng5 {[%clk 1:12:53]} 21. dxc5 {[%clk
0:19:59]} Nxf3+ 22. Bxf3 {[%clk 0:20:07]} Bxf3 {[%clk 1:05:05]} 23. gxf3 {[%clk
0:20:29]} bxc5 {[%clk 1:04:34]} 24. Bxf6 {[%clk 0:20:42]} gxf6 {[%clk 1:04:51]}
25. Rxd5 {[%clk 0:20:55]} Bf8 {[%clk 1:03:45]} 26. Rf5 {[%clk 0:19:03]} Kg7
{[%clk 1:04:03]} 27. Nc3 {[%clk 0:16:25]} Kg6 {[%clk 1:03:41]} 28. Rd5 {[%clk
0:15:39]} Rab8 {[%clk 1:03:46]} 29. Ne4 {[%clk 0:14:51]} b6 {[%clk 1:03:53]}
30. Kh1 {[%clk 0:13:27]} Be7 {[%clk 1:01:17]} 31. Rg1+ {[%clk 0:13:01]} Kh7
{[%clk 1:01:39]} 32. Rf5 {[%clk 0:12:49]} Rg8 {[%clk 1:00:19]} 33. Rxg8 {[%clk
0:12:31]} Kxg8 {[%clk 0:59:30]} 34. Nxf6+ {[%clk 0:12:08]} Kg7 {[%clk 0:59:44]}
35. Nd7 {[%clk 0:10:04]} Rd8 {[%clk 0:59:36]} 36. Nxb6 {[%clk 0:09:26]} Rd2
{[%clk 0:59:47]} 37. Nc4 {[%clk 0:09:05]} Rxf2 {[%clk 0:58:42]} 38. Kg1 {[%clk
0:08:21]} Rc2 {[%clk 0:58:59]} 39. Rf4 {[%clk 0:08:25]} Bg5 {[%clk 0:59:02]}
40. Rg4 {[%clk 0:07:33]} f5 {[%clk 0:59:16]} 41. Rg2 {[%clk 0:06:53]} Rxc4
{[%clk 0:59:30]} 42. f4 {[%clk 0:07:00]} Rc1+ {[%clk 0:58:36]} 43. Kh2 {[%clk
0:07:12]} Kf6 {[%clk 0:58:23]} 44. fxg5+ {[%clk 0:06:51]} hxg5 {[%clk 0:58:37]}
45. Kg3 {[%clk 0:02:55]} Rb1 {[%clk 0:58:54]} 46. h4 {[%clk 0:10:29]} gxh4+
{[%clk 1:28:39]} 47. Kxh4 {[%clk 0:10:47]} Ke5 {[%clk 1:28:28]} 48. Re2 {[%clk
0:05:00]} Ke4 {[%clk 1:28:21]} 49. Kg3 {[%clk 0:04:23]} Kd3 {[%clk 1:26:21]}
50. Kf3 {[%clk 0:02:28]} Rf1+ {[%clk 1:24:46]} 51. Rf2 {[%clk 0:02:49]} Re1
{[%clk 1:25:02]} 52. Kf4 {[%clk 0:02:32]} Rxe3 {[%clk 1:24:49]} 53. Kxf5 {[%clk
0:02:12]} Kc4 {[%clk 1:25:04]} 54. Kf4 {[%clk 0:01:54]} 1/2-1/2

[Event "Deutsche Ländermeisterschaft 2017"]
[Site "Hannover GER"]
[Date "2017.10.03"]
[Round "5"]
[White "Heinemann, Josefine"]
[Black "Muckle, Julius"]
[Result "1/2-1/2"]
[Termination "normal"]
[Board "3.1"]
[WhiteTitle "WIM"]
[BlackTitle "FM"]
[WhiteElo "2292"]
[BlackElo "2307"]
[WhiteClock "01:14:22"]
[BlackClock "00:16:38"]
[WhiteTeam "Baden 1"]
[BlackTeam "Rheinland-Pfalz"]
[PlyCount "94"]
[WhiteFideId "12900460"]
[BlackFideId "12942430"]
[EventCountry "GER"]
[EventRounds "7"]
[EventType "team-swiss"]
[EventDate "2017.09.29"]

1. e4 {[%clk 1:30:58]} e6 {[%clk 1:30:58]} 2. d4 {[%clk 1:31:24]} d5 {[%clk
1:31:24]} 3. Nd2 {[%clk 1:31:51]} c5 {[%clk 1:31:23]} 4. Ngf3 {[%clk 1:32:15]}
Nc6 {[%clk 1:31:47]} 5. exd5 {[%clk 1:32:41]} exd5 {[%clk 1:32:13]} 6. Bb5
{[%clk 1:33:06]} Bd6 {[%clk 1:32:36]} 7. dxc5 {[%clk 1:33:24]} Bxc5 {[%clk
1:33:04]} 8. O-O {[%clk 1:33:46]} Nge7 {[%clk 1:33:32]} 9. Nb3 {[%clk 1:34:11]}
Bd6 {[%clk 1:33:57]} 10. Re1 {[%clk 1:34:38]} O-O {[%clk 1:34:10]} 11. Bd3
{[%clk 1:35:04]} h6 {[%clk 1:33:53]} 12. h3 {[%clk 1:35:13]} Nf5 {[%clk
1:33:11]} 13. c3 {[%clk 1:35:25]} Qf6 {[%clk 1:33:03]} 14. Bc2 {[%clk 1:35:42]}
Rd8 {[%clk 1:32:22]} 15. Qd3 {[%clk 1:36:02]} g6 {[%clk 1:32:00]} 16. Bd2
{[%clk 1:36:25]} a5 {[%clk 1:17:05]} 17. a4 {[%clk 1:36:18]} b6 {[%clk
1:16:12]} 18. Qe2 {[%clk 1:36:35]} Ba6 {[%clk 1:00:27]} 19. Qd1 {[%clk
1:36:30]} Bf8 {[%clk 0:55:10]} 20. Bxf5 {[%clk 1:36:36]} Qxf5 {[%clk 0:54:25]}
21. Nbd4 {[%clk 1:36:59]} Nxd4 22. Nxd4 {[%clk 1:37:23]} Qd7 {[%clk 0:45:05]}
23. Bf4 {[%clk 1:35:58]} Bg7 {[%clk 0:17:31]} 24. Qd2 {[%clk 1:28:15]} Kh7
{[%clk 0:15:36]} 25. Be5 {[%clk 1:21:52]} f6 {[%clk 0:14:07]} 26. Bf4 {[%clk
1:20:19]} Re8 {[%clk 0:14:28]} 27. Be3 {[%clk 1:14:55]} Re4 {[%clk 0:11:47]}
28. Nf3 {[%clk 1:10:28]} Qc6 {[%clk 0:08:28]} 29. Nd4 {[%clk 1:05:15]} Qd7
{[%clk 0:07:34]} 30. f3 {[%clk 1:04:45]} Re7 {[%clk 0:06:37]} 31. Bf2 {[%clk
1:01:19]} Rae8 {[%clk 0:06:56]} 32. Rxe7 {[%clk 1:01:42]} Rxe7 {[%clk 0:07:18]}
33. Re1 {[%clk 1:01:41]} Re8 {[%clk 0:03:10]} 34. Rxe8 {[%clk 0:59:07]} Qxe8
{[%clk 0:03:39]} 35. Qe3 {[%clk 0:59:27]} Qxa4 {[%clk 0:00:38]} 36. Qe7 {[%clk
0:59:43]} Bc8 {[%clk 0:01:00]} 37. Qc7 {[%clk 0:59:15]} Qd7 {[%clk 0:00:38]}
38. Qxb6 {[%clk 0:59:40]} Qb7 {[%clk 0:00:34]} 39. Qxb7 {[%clk 0:56:08]} Bxb7
{[%clk 0:01:03]} 40. Ne6 {[%clk 0:56:16]} Bc8 {[%clk 0:00:33]} 41. Nf4 {[%clk
0:55:41]} Bb7 {[%clk 0:28:32]} 42. Bd4 {[%clk 1:26:05]} a4 {[%clk 0:25:39]} 43.
Kf2 {[%clk 1:23:24]} h5 {[%clk 0:19:29]} 44. Nd3 {[%clk 1:20:24]} Ba6 {[%clk
0:18:23]} 45. Nc5 {[%clk 1:18:40]} Bb5 {[%clk 0:18:48]} 46. Ne6 {[%clk
1:18:24]} Bd7 {[%clk 0:16:14]} 47. Nxg7 {[%clk 1:14:22]} Kxg7 {[%clk 0:16:38]}
1/2-1/2

[Event "Deutsche Ländermeisterschaft 2017"]
[Site "Hannover GER"]
[Date "2017.10.03"]
[Round "5"]
[White "Syrov, Arkadi"]
[Black "Gschnitzer, Adrian"]
[Result "0-1"]
[Termination "normal"]
[Board "3.2"]
[WhiteElo "2280"]
[BlackElo "2351"]
[WhiteClock "00:20:17"]
[BlackClock "00:57:12"]
[WhiteTeam "Rheinland-Pfalz"]
[BlackTeam "Baden 1"]
[PlyCount "58"]
[WhiteFideId "12942448"]
[BlackFideId "1270337"]
[EventCountry "GER"]
[EventRounds "7"]
[EventType "team-swiss"]
[EventDate "2017.09.29"]

1. e4 {[%clk 1:30:58]} c5 {[%clk 1:30:53]} 2. Nf3 {[%clk 1:31:24]} Nc6 {[%clk
1:31:16]} 3. Bb5 {[%clk 1:31:13]} g6 {[%clk 1:31:38]} 4. Bxc6 {[%clk 1:31:39]}
bxc6 {[%clk 1:32:01]} 5. O-O {[%clk 1:31:49]} Bg7 {[%clk 1:32:26]} 6. Re1
{[%clk 1:31:35]} Nh6 {[%clk 1:32:41]} 7. h3 {[%clk 1:29:02]} O-O {[%clk
1:33:02]} 8. c3 {[%clk 1:29:20]} f5 {[%clk 1:33:11]} 9. e5 {[%clk 1:29:25]} Nf7
{[%clk 1:33:29]} 10. d4 {[%clk 1:29:27]} cxd4 {[%clk 1:33:52]} 11. cxd4 {[%clk
1:29:53]} c5 {[%clk 1:34:14]} 12. d5 {[%clk 1:04:14]} Rb8 {[%clk 1:34:06]} 13.
Qc2 {[%clk 0:58:07]} d6 {[%clk 1:33:04]} 14. e6 {[%clk 0:56:29]} Ne5 {[%clk
1:32:45]} 15. Nc3 {[%clk 0:51:19]} Nxf3+ 16. gxf3 {[%clk 0:49:38]} Qb6 {[%clk
1:24:39]} 17. Rb1 {[%clk 0:37:36]} Ba6 {[%clk 1:15:20]} 18. Bg5 {[%clk
0:36:41]} Rb7 {[%clk 1:14:27]} 19. Qd2 {[%clk 0:34:21]} Qb4 {[%clk 1:10:47]}
20. Bh6 {[%clk 0:32:46]} Qh4 {[%clk 1:09:34]} 21. Bxg7 {[%clk 0:32:49]} Kxg7
{[%clk 1:09:57]} 22. Kg2 {[%clk 0:31:47]} Rb4 {[%clk 1:08:41]} 23. Red1 {[%clk
0:31:08]} f4 {[%clk 0:59:22]} 24. Rh1 {[%clk 0:21:02]} Rf5 {[%clk 0:57:01]} 25.
Rh2 {[%clk 0:20:53]} Rg5+ {[%clk 0:56:07]} 26. Kh1 {[%clk 0:21:18]} Qh5 {[%clk
0:56:18]} 27. Rg1 {[%clk 0:19:26]} Qxf3+ {[%clk 0:56:34]} 28. Rgg2 {[%clk
0:19:51]} Rxg2 {[%clk 0:56:49]} 29. Rxg2 {[%clk 0:20:17]} Bf1 {[%clk 0:57:12]}
0-1